| 000 | 00675nam a2200241Ia 4500 | ||
|---|---|---|---|
| 003 | OSt | ||
| 005 | 20220928124004.0 | ||
| 006 | a|||||r|||| 00| 0 | ||
| 007 | ta | ||
| 008 | 220927b |||||||| |||| 00| 0 eng d | ||
| 024 | _a67788 | ||
| 037 | _cTextual | ||
| 040 |
_aSDCL _cSDCL _beng |
||
| 041 |
_2eng _aeng |
||
| 082 | _aG:66, P3 | ||
| 100 |
_aSnooks Graeme Donald _9463038 |
||
| 245 | 0 | _aCollapse of Darwinism or the rise of a realist theory of life | |
| 260 |
_aOxford _bLexington Books _c2003 |
||
| 300 |
_axv,340p _ccm. |
||
| 650 |
_aEvolution-Biology _9427884 |
||
| 942 |
_hG:66, P3 _cTEXL _2CC |
||
| 999 |
_c775984 _d775984 |
||